| 000 | 00640nam a2200181 i 4500 | ||
|---|---|---|---|
| 001 | 158582 | ||
| 003 | ES-MaACL | ||
| 005 | 20250627063652.0 | ||
| 008 | 950111m18891892sp a |||| | spa d | ||
| 100 | 1 |
_aMalo de Molina, Manuel, _d1843- _9167429 |
|
| 245 | 1 | 0 |
_aLaboreo de minas / _cpor Manuel Malo de Molina. |
| 260 |
_aCartagena : _b[s.n.], _c1889-1892 ( _fEstabl. tipo-litogr. de Marcial Ventura) |
||
| 300 |
_a3 v. (877, IX ; 680, VIII p.) : _bil. ; _c28 cm. |
||
| 594 | _aEl v. 3 es un atlas. | ||
| 650 | 4 |
_aTecnología minera. _9167430 |
|
| 852 |
_aES-MaACL _jG-7765-67 _z- Enc. pasta española |
||
| 999 |
_c158582 _d158582 |
||